Score 0/124 Timer 08:00
2 Plays Today
% Correct
a
96.3%
a
96.3%
a
96.3%
a
96.3%
a
96.3%
O
95.7%
O,
95.6%
Romeo!
95.6%
Romeo,
95.6%
Romeo?
95.6%
Romeo
95.6%
Romeo
95.6%
Romeo,
95.6%
thou
94.2%
thou
94.2%
Thou
94.2%
art
93.4%
art
93.4%
wherefore
83.2%
name;
81.3%
name
81.3%
name!
81.3%
name?
81.3%
name,
81.3%
name,
81.3%
name
81.1%
and
77.5%
And
77.5%
And,
77.5%
thy
77.4%
thy
77.4%
thy
77.4%
thy
77.4%
thy
77.4%
be
75.6%
be
75.6%
be
75.6%
no
74.9%
rose
74.8%
as
74.7%
in
74.1%
sweet;
73.6%
% Correct
any
73.2%
By
73.2%
any
73.2%
other
72.9%
other
72.9%
other
72.9%
my
72.5%
my
72.5%
love,
72.2%
would
72.1%
would,
72.1%
is
71.7%
is
71.7%
is
71.7%
smell
71.5%
Capulet.
70.3%
we
69.8%
not,
69.2%
not
69.2%
not
69.2%
not
69.2%
father
68.3%
if
66.7%
What's
65.7%
What's
65.7%
for
63.9%
he
63.8%
he
63.8%
Montague.
62.5%
Montague?
62.5%
Deny
62.5%
but
61.1%
but
61.1%
that
61.1%
That
61.1%
that
61.1%
that
61.1%
So
60.8%
It
59.5%
refuse
58.2%
to
58.1%
call
57.4%
% Correct
longer
57.3%
Or,
54.6%
which
54.1%
which
54.1%
which
54.1%
were
54%
of
51.5%
I'll
51.2%
man.
47.3%
some
45.6%
enemy;
45.3%
hand,
44.6%
wilt
44.4%
nor
44.3%
nor
44.3%
Nor
44.3%
nor
44.3%
nor
44.3%
thee,
44%
part
43.7%
part
43.7%
sworn
41.8%
foot,
40.7%
call'd,
40.7%
'Tis
40.6%
all
38.9%
arm,
38.3%
Take
37.8%
face,
37.2%
Belonging
36.3%
myself.
31.8%
dear
30.5%
though
28.7%
thyself,
27.9%
perfection
27.6%
Retain
26.6%
doff
26.3%
owes
22%
Without
21.6%
title.
21.1%

You're not logged in!

Compare scores with friends on all Sporcle quizzes.
OR
Log In

Sporcle TV

Today on Sporcle TV


Watch our educational content, quiz creation guides, and fun videos on Sporcle TV.

Show Comments

Extras

Top Quizzes Today


Score Distribution

Paid Content

Your Account Isn't Verified!

In order to create a playlist on Sporcle, you need to verify the email address you used during registration. Go to your Sporcle Settings to finish the process.

Report this User

Report this user for behavior that violates our Community Guidelines.

Details: